| 000 | 00583nam a2200181Ia 4500 | ||
|---|---|---|---|
| 003 | GCL | ||
| 008 | 140319s9999 xx 000 0 ara d | ||
| 040 |
_aGCL / _cGCL |
||
| 082 | 0 | 4 |
_a025.4 _bخ ت |
| 100 | 1 | _aخالد الحديدى | |
| 245 | 1 | 0 |
_aالتقسيم العشرى وتطبيقه فى المكتبة العربية / _cخالد الحديدى |
| 300 | _a40 ص | ||
| 490 |
_aسلسلة كتب فن المكتبات _v0 |
||
| 650 | 0 | 4 | _aتصنيف الكتب |
| 650 | 0 | 4 | _aنظم التصنيف |
| 650 | 0 | 4 | _aالتصنيف العشرى العالمى |
| 942 |
_2ddc _cBK |
||
| 999 |
_c46961 _d46961 |
||